| 000 | 00906nam a22002417a 4500 | ||
|---|---|---|---|
| 999 |
_c16391 _d16391 |
||
| 003 | AR-CdUCM | ||
| 008 | 190307b ||||| |||| 00| 0 spa d | ||
| 040 |
_aMUNICIPALIDAD PROVINCIAL DEL CUSCO _cBIBLIOTECA MUNICIPAL DEL CUSCO |
||
| 082 |
_23ed. _a374.37 / _bP52 / 1950 |
||
| 100 |
_aPiaget, Jean _912656 |
||
| 245 | _aLa autonomía en la escuela / | ||
| 260 |
_aBueno Aires : _bLosada, _c1950. |
||
| 300 |
_a180 páginas ; _c19 cm. |
||
| 440 |
_aLa escuela activa _n15 _935813 |
||
| 505 | _aContenido : Observaciones psicológicas sobre la autonomía escolar -- La autonomía en la escuela, por J, Heller -- Origen e historia de la autonomía escolar ... | ||
| 650 |
_aEducación. _9460 |
||
| 650 |
_aPsicología. _91538 |
||
| 650 |
_aMoral. _94056 |
||
| 650 |
_aEducación moral. _93587 |
||
| 700 |
_aNavarro de Luzuriaga, María Luisa _935814 |
||
| 942 |
_2ddc _cLIBROS |
||
| 945 |
_arah _d03/05/2019 |
||